| 000 | 00573nam a2200241Ia 4500 | ||
|---|---|---|---|
| 008 | 190123s9999 xx 000 0 und d | ||
| 020 | _a9780439551090 | ||
| 050 | _bB852 2003 | ||
| 100 | _aBridwell, Norman | ||
| 245 | 0 | _aClifford : | |
| 245 | 0 | _bClifford's animal sounds / | |
| 245 | 0 | _cby Norman Bridwell. | |
| 260 | _aNew York, New York : | ||
| 260 | _bScholastic, | ||
| 260 | _c2003 | ||
| 300 | _aunpaged : | ||
| 300 | _bcolored illustrations ; | ||
| 300 | _c13cm. | ||
| 500 | _aBR | ||
| 650 | _aAnimal sounds. | ||
| 650 | _aDog. | ||
| 700 | _aTitle. | ||
| 999 |
_c360961 _d360961 |
||